| 000 | 00772cam a2200193 4500 | ||
|---|---|---|---|
| 001 | J100521 | ||
| 008 | 000000n1998 000 0 eng u | ||
| 035 | _a(Sirsi) u100200 | ||
| 041 | _aENG | ||
| 050 | _a692.8 | ||
| 110 |
_aJoint Contracts Tribunal _93664 |
||
| 245 | _aSupplement to the standard form of building contract 1998 edition. Private and local authorities versions. Contractor's designed portion supplement. With quantities. Modifications to the standard form for use where the contractor is required to complete the design of a portion of the works. | ||
| 260 |
_aLondon _bRIBA Publications _c1998 |
||
| 300 | _aunpaginated ; 30cm. | ||
| 350 | _a6.25 | ||
| 650 | _aJCT STANDARD FORM OF BUILDING CONTRACT 1998 | ||
| 690 |
_aContracts _96232 |
||
| 942 | _n0 | ||
| 999 |
_c99642 _d99642 |
||